000 00313nam a22001457a 4500
020 _a81-7439-014-6
082 _a001
_bYEN/H
100 _aYENNE,BILL
245 _a100 INVENTIONS
250 _aFIRST
260 _aNEW DELHI
_bGEMINI BOOKS
_c2002
300 _a112
650 _aINVENTIONS
_zNEW DELHI
942 _cBK
999 _c6566
_d6566